Curso superior de economía / (Registro nro. 5393)
[ vista simple ]
| 000 -LEADER | |
|---|---|
| fixed length control field | 01436nam a2200313Ia 4500 |
| 003 - CONTROL NUMBER IDENTIFIER | |
| control field | OSt |
| 005 - DATE AND TIME OF LATEST TRANSACTION | |
| control field | 20201211201204.0 |
| 008 - FIXED-LENGTH DATA ELEMENTS--GENERAL INFORMATION | |
| fixed length control field | 191128s1973 mx fr 001 0 spa d |
| 040 ## - CATALOGING SOURCE | |
| Original cataloging agency | CO-JMCR |
| Transcribing agency | CO-JMCR |
| 041 1# - LANGUAGE CODE | |
| Language code of text/sound track or separate title | spa |
| Language code of original | eng |
| 082 04 - DEWEY DECIMAL CLASSIFICATION NUMBER | |
| Classification number | 335.412 / |
| Item number | B466c |
| Edition number | 23 |
| 100 1# - MAIN ENTRY--PERSONAL NAME | |
| Personal name | Benham, Frederic Charles, |
| Relator term | autor |
| 9 (RLIN) | 6236 |
| 245 10 - TITLE STATEMENT | |
| Title | Curso superior de economía / |
| Statement of responsibility, etc. | Frederic Benham ; edición F. W. Paish ; traducción de Rubén Pimentel |
| 250 ## - EDITION STATEMENT | |
| Edition statement | Décima edición |
| 260 ## - PUBLICATION, DISTRIBUTION, ETC. | |
| Place of publication, distribution, etc. | México : |
| Name of publisher, distributor, etc. | Fondo de Cultura Económica, |
| Date of publication, distribution, etc. | 1973 |
| 300 ## - PHYSICAL DESCRIPTION | |
| Extent | 793 páginas ; |
| Dimensions | 20 cm. |
| 490 0# - SERIES STATEMENT | |
| Series statement | Economía |
| 500 ## - GENERAL NOTE | |
| General note | Incluye índice analítico páginas 775-784 |
| 505 0# - FORMATTED CONTENTS NOTE | |
| Formatted contents note | Producción -- La oferta y la demanda -- El funcionamiento del sistema de precios bajo el régimen capitalista -- La distribución del ingreso -- Moneda y bancos -- El comercio internacional -- Política de posguerra |
| 520 3# - SUMMARY, ETC. | |
| Summary, etc. | Este curso superior de economía es una introducción completísima a la ciencia económica y un relato realista de cómo trabaja en nuestra época el sistema económico. |
| 534 ## - ORIGINAL VERSION NOTE | |
| Introductory phrase | Benham's economics : a general introduction |
| 546 ## - LANGUAGE NOTE | |
| Language note | Traducido del inglés |
| 650 14 - SUBJECT ADDED ENTRY--TOPICAL TERM | |
| Topical term or geographic name entry element | Economía |
| General subdivision | cursos |
| 9 (RLIN) | 6237 |
| 650 14 - SUBJECT ADDED ENTRY--TOPICAL TERM | |
| Topical term or geographic name entry element | Política económica |
| General subdivision | fines y objetivos |
| 9 (RLIN) | 6238 |
| 650 14 - SUBJECT ADDED ENTRY--TOPICAL TERM | |
| Topical term or geographic name entry element | Oferta y demanda |
| General subdivision | teorías |
| 9 (RLIN) | 6239 |
| 700 1# - ADDED ENTRY--PERSONAL NAME | |
| Personal name | Paish, F. W., |
| Relator term | editor |
| 9 (RLIN) | 6240 |
| 700 1# - ADDED ENTRY--PERSONAL NAME | |
| Personal name | Pimentel, Rubén, |
| Relator term | traductor |
| 9 (RLIN) | 6241 |
| 942 ## - ADDED ENTRY ELEMENTS (KOHA) | |
| Source of classification or shelving scheme | Dewey Decimal Classification |
| Koha item type | Books |
| Withdrawn status | Lost status | Source of classification or shelving scheme | Damaged status | Not for loan | Collection code | Home library | Current library | Date acquired | Source of acquisition | Cost, normal purchase price | Full call number | Barcode | Date last seen | Copy number | Koha item type |
|---|---|---|---|---|---|---|---|---|---|---|---|---|---|---|---|
| Dewey Decimal Classification | Non-fiction | Biblioteca Pública José María del Castillo y Rada | Biblioteca Pública José María del Castillo y Rada | 04/15/2018 | Donación | 0.00 | 335.412 / B466c | 430001811 | 05/16/2024 | Ej.1 | Books |